[Event "Donostia Spring op 10th"]
[Site "Donostia"]
[Date "2014.05.24"]
[Round "3.11"]
[White "Alvarado Fernandez, Mikel"]
[Black "Sanchez Ruesga, Carlos"]
[Result "1/2-1/2"]
[WhiteElo "1960"]
[BlackElo "1776"]
[PlyCount "123"]
[EventDate "2014.05.10"]
[EventType "swiss"]
[EventRounds "7"]
[EventCountry "ESP"]
[SourceTitle "EXT 2024"]
[Source "ChessBase"]
[SourceDate "2023.10.10"]
[SourceVersion "1"]
[SourceVersionDate "2023.10.10"]
[SourceQuality "1"]

1. d4 d5 2. Bg5 f6 3. Bh4 Nh6 4. e3 Nf5 5. Bd3 h5 6. Bxf5 Bxf5 7. f3 g5 8. Bf2 Nc6 9. a3 Qd7 10. c4 dxc4 11. e4 Bg6 12. Nc3 0-0-0 13. Nge2 a6 14. Qa4 Bf7 15. 0-0-0 Bh6 16. Kb1 Rhe8 17. h3 Nb8 18. Qc2 Nc6 19. Qa4 Nb8 20. Qc2 Nc6 21. g4 b5 22. Na2 Bf8 23. Qc3 Kb7 24. d5 Ne5 25. Nd4 Nd3 26. Rxd3 cxd3 27. Nc6 Ra8 28. Na5+ Kc8 29. Rc1 e6 30. Nb4 exd5 31. Nxd5 Bxd5 32. exd5 hxg4 33. hxg4 Re2 34. Bg3 Rc2 35. Rxc2 dxc2+ 36. Kxc2 Be7 37. Qd3 Bd6 38. Bf2 Be7 39. Qe4 Qd6 40. Nc6 Bd8 41. b4 Kb7 42. Na5+ Kc8 43. Bc5 Qe5 44. Qd3 Be7 45. Nc6 Qh2+ 46. Kb3 Bxc5 47. bxc5 Qf4 48. Kb2 Qh2+ 49. Kb3 Qf4 50. Nd4 Kb7 51. d6 Re8 52. Qh7 Re3+ 53. Ka2 Qxd4 54. Qxc7+ Ka8 55. Qc6+ Kb8 56. Qc7+ Ka8 57. Qd8+ Ka7 58. Qb6+ Ka8 59. Qxa6+ Kb8 60. Qxb5+ Ka7 61. Qb6+ Ka8 62. Qa6+ 1/2-1/2

[Event "Euskadi-chT (Vasca) Div 1st"]
[Site "Bergara"]
[Date "2014.02.01"]
[Round "4.4"]
[White "Alvarado Fernandez, Mikel"]
[Black "Mendikute Fierro, Claudio"]
[Result "1-0"]
[WhiteElo "1944"]
[BlackElo "2034"]
[PlyCount "53"]
[EventDate "2014.01.11"]
[EventType "team-tourn"]
[EventRounds "9"]
[EventCountry "ESP"]
[SourceTitle "EXT 2024"]
[Source "ChessBase"]
[SourceDate "2023.10.10"]
[SourceVersion "1"]
[SourceVersionDate "2023.10.10"]
[SourceQuality "1"]

1. d4 d5 2. Nf3 c6 3. e3 Nf6 4. Bd3 Bg4 5. Nbd2 Nbd7 6. c4 e6 7. 0-0 Bd6 8. a3 0-0 9. Qc2 e5 10. dxe5 Nxe5 11. Nxe5 Bxe5 12. Rb1 Bc7 13. Re1 Re8 14. Nf1 Qd7 15. cxd5 cxd5 16. f3 Bh5 17. Bd2 Bg6 18. Bc3 Rac8 19. Bxg6 hxg6 20. Qd3 Bb6 21. Kh1 Rc6 22. Rbd1 Rd6 23. Bb4 Rc6 24. Bc3 Rd6 25. e4 d4 26. e5 Rde6 27. exf6 1-0

[Event "Donostia Spring op 09th"]
[Site "Donostia"]
[Date "2013.05.11"]
[Round "5"]
[White "Alvarado Fernandez, Mikel"]
[Black "Argandona Riveiro, Inigo"]
[Result "1/2-1/2"]
[WhiteElo "2012"]
[BlackElo "2416"]
[PlyCount "104"]
[EventDate "2013.04.19"]
[EventType "swiss"]
[EventRounds "8"]
[EventCountry "ESP"]
[SourceTitle "EXT 2024"]
[Source "ChessBase"]
[SourceDate "2023.10.10"]
[SourceVersion "1"]
[SourceVersionDate "2023.10.10"]
[SourceQuality "1"]

1. d4 g6 2. Nf3 Bg7 3. g3 d6 4. Bg2 f5 5. 0-0 Nf6 6. b3 0-0 7. Bb2 Qe8 8. c4 a5 9. Nbd2 a4 10. Qc2 Nc6 11. Bc3 e5 12. dxe5 dxe5 13. e4 fxe4 14. Nxe4 Nxe4 15. Qxe4 Bf5 16. Qd5+ Be6 17. Qe4 Rd8 18. Rad1 Bf5 19. Rxd8 Qxd8 20. Qd5+ Qxd5 21. cxd5 Nd4 22. Bb4 Rd8 23. Nxd4 exd4 24. bxa4 Bc2 25. a5 d3 26. Re1 Bf8 27. Bd2 Bc5 28. Be4 Rf8 29. Rf1 Rf6 30. Kg2 Rd6 31. f4 c6 32. dxc6 bxc6 33. f5 Ba7 34. fxg6 hxg6 35. h4 c5 36. g4 Ba4 37. h5 Bc6 38. Bxc6 Rxc6 39. h6 c4 40. Bc3 Bc5 41. Rf4 Ba3 42. a6 Rxa6 43. Rxc4 Bf8 44. h7+ Kxh7 45. Rc7+ Kg8 46. Rd7 Rxa2+ 47. Kf3 Ra3 48. Bd2 Bg7 49. Rd8+ Kh7 50. Rd7 Kg8 51. Rd8+ Kf7 52. Rd7+ Kg8 1/2-1/2

[Event "San Sebastian op 36th"]
[Site "San Sebastian"]
[Date "2013.03.25"]
[Round "4"]
[White "Izagirre Alsua, Aritz"]
[Black "Alvarado Fernandez, Mikel"]
[Result "1-0"]
[WhiteElo "1850"]
[BlackElo "2037"]
[PlyCount "38"]
[EventDate "2013.03.23"]
[EventType "swiss"]
[EventRounds "9"]
[EventCountry "ESP"]
[SourceTitle "CBM 153 Extra"]
[Source "ChessBase"]
[SourceDate "2013.04.22"]
[SourceVersion "1"]
[SourceVersionDate "2013.04.22"]
[SourceQuality "1"]

1. e4 c6 2. d3 g6 3. Nf3 Bg7 4. g3 d6 5. h3 Nd7 6. Bg2 Ngf6 7. c3 0-0 8. Be3 Qc7 9. a4 b6 10. Qd2 Ba6 11. Na3 Nc5 12. Bxc5 bxc5 13. Qc2 Rab8 14. 0-0 Qb6 15. Rfb1 Nd7 16. Nd2 Ne5 17. Bf1 d5 18. f4 Nxd3 19. a5 c4+ 1-0

[Event "San Sebastian op 36th"]
[Site "San Sebastian"]
[Date "2013.03.24"]
[Round "3"]
[White "Alvarado Fernandez, Mikel"]
[Black "Andres Gonzalez, Alberto"]
[Result "0-1"]
[WhiteElo "2037"]
[BlackElo "2542"]
[PlyCount "74"]
[EventDate "2013.03.23"]
[EventType "swiss"]
[EventRounds "9"]
[EventCountry "ESP"]
[SourceTitle "CBM 153 Extra"]
[Source "ChessBase"]
[SourceDate "2013.04.22"]
[SourceVersion "1"]
[SourceVersionDate "2013.04.22"]
[SourceQuality "1"]

1. d4 d5 2. Bg5 c5 3. Nc3 Nc6 4. Nf3 f6 5. Bc1 Bg4 6. e3 cxd4 7. exd4 e6 8. Be2 Bb4 9. 0-0 Nge7 10. a3 Ba5 11. b4 Bb6 12. Be3 Nf5 13. Bb5 Bxf3 14. gxf3 Rc8 15. Re1 Kf7 16. Ne2 a6 17. Ba4 Qd6 18. c3 Bc7 19. Bf4 Qd7 20. Bxc7 Qxc7 21. Ng3 Nce7 22. Rc1 Nh4 23. Qe2 Qd6 24. Qe3 Neg6 25. Nh5 Rc7 26. Bc2 Rhc8 27. Kh1 Nf8 28. f4 Rxc3 29. Bg6+ hxg6 30. Rxc3 Rxc3 31. Qxc3 gxh5 32. Rc1 Nd7 33. Qc8 Ke7 34. Qg8 Qxf4 35. Qxg7+ Kd6 36. Qg3 Qxg3 37. hxg3 Nf5 0-1

[Event "San Sebastian Primavera de Gros op 8th"]
[Site "San Sebastian"]
[Date "2012.05.19"]
[Round "5"]
[White "Alvarado Fernandez, Mikel"]
[Black "Pinilla Santibanez, Roberto"]
[Result "0-1"]
[WhiteElo "2006"]
[BlackElo "2077"]
[PlyCount "70"]
[EventDate "2012.04.21"]
[EventType "swiss"]
[EventRounds "7"]
[EventCountry "ESP"]
[SourceTitle "EXT 2014"]
[Source "ChessBase"]
[SourceDate "2013.11.20"]
[SourceVersion "1"]
[SourceVersionDate "2013.11.20"]
[SourceQuality "1"]

1. d4 Nf6 2. Bg5 h6 3. Bxf6 exf6 4. e3 d5 5. Nd2 Be7 6. Ne2 0-0 7. c4 Re8 8. c5 a5 9. Nc3 Bf5 10. Bb5 c6 11. Be2 b6 12. cxb6 Nd7 13. 0-0 Nxb6 14. Nf3 Qd7 15. Rc1 Reb8 16. b3 Ba3 17. Qd2 Bxc1 18. Rxc1 Qd6 19. Ne1 a4 20. Bd3 Bxd3 21. Nxd3 axb3 22. axb3 Nd7 23. b4 Nb6 24. g3 Nc4 25. Qe1 Ra3 26. Nc5 Ra7 27. Rb1 Re7 28. Ra1 Ree8 29. Ra7 Rxb4 30. Nxd5 Rb2 31. Rd7 Qb8 32. Nc3 Rc2 33. Rb7 Qc8 34. N3e4 Qh3 35. Qb1 Nxe3 0-1

[Event "San Sebastian Primavera de Gros op 8th"]
[Site "San Sebastian"]
[Date "2012.05.12"]
[Round "4"]
[White "Argandona Riveiro, Inigo"]
[Black "Alvarado Fernandez, Mikel"]
[Result "1-0"]
[WhiteElo "2388"]
[BlackElo "2006"]
[PlyCount "83"]
[EventDate "2012.04.21"]
[EventType "swiss"]
[EventRounds "7"]
[EventCountry "ESP"]
[SourceTitle "EXT 2014"]
[Source "ChessBase"]
[SourceDate "2013.11.20"]
[SourceVersion "1"]
[SourceVersionDate "2013.11.20"]
[SourceQuality "1"]

1. Nf3 Nf6 2. c4 e6 3. g3 d5 4. Bg2 c6 5. 0-0 Be7 6. b3 0-0 7. Bb2 Nbd7 8. Qc2 dxc4 9. bxc4 Qc7 10. d4 b6 11. e4 Rd8 12. e5 Ne8 13. Nc3 Bb7 14. Rfd1 Rac8 15. Ne4 Qb8 16. a4 Nf8 17. c5 bxc5 18. Ba3 Qc7 19. Bxc5 Ba6 20. Bxe7 Qxe7 21. Nc5 Bb7 22. a5 Ba8 23. Ne1 Nc7 24. Qa4 Nd5 25. Rac1 Rb8 26. Na6 Rb5 27. Bf1 Rb2 28. Nd3 Rb5 29. Ndc5 Rb2 30. Qa3 Rb7 31. Ra1 Nd7 32. Nxb7 Qxa3 33. Rxa3 Bxb7 34. Nc5 Bc8 35. Nxd7 Rxd7 36. Rb3 Rc7 37. Rb8 Kf8 38. Ba6 Ne7 39. Rdb1 Ke8 40. Bxc8 Nxc8 41. R1b7 Kd7 42. a6 1-0

[Event "Euskadi-chT (Vasca) Div 1st"]
[Site "Bergara"]
[Date "2012.02.11"]
[Round "5.3"]
[White "Sevilla Subiza, Javier"]
[Black "Alvarado Fernandez, Mikel"]
[Result "1-0"]
[WhiteElo "1925"]
[BlackElo "2006"]
[PlyCount "67"]
[EventDate "2012.01.14"]
[EventType "team-tourn"]
[EventRounds "9"]
[EventCountry "ESP"]
[SourceTitle "EXT 2024"]
[Source "ChessBase"]
[SourceDate "2023.10.10"]
[SourceVersion "1"]
[SourceVersionDate "2023.10.10"]
[SourceQuality "1"]

1. d4 d5 2. c4 c6 3. Nf3 Nf6 4. Nc3 a6 5. e3 b5 6. c5 Bg4 7. h3 Bxf3 8. Qxf3 Nbd7 9. e4 b4 10. exd5 bxc3 11. dxc6 Nxc5 12. dxc5 e6 13. c7 Qd5 14. Bxa6 Qe5+ 15. Be3 Nd5 16. c8Q+ Rxc8 17. Bxc8 cxb2 18. Rb1 Bxc5 19. 0-0 Nxe3 20. fxe3 0-0 21. Bb7 f5 22. Kh1 h5 23. Qf4 Qc3 24. Qf2 Ba3 25. Rfd1 Rb8 26. Bf3 Rc8 27. e4 Qe5 28. Qd4 Qg3 29. Rxb2 fxe4 30. Rb3 Bc5 31. Qxe4 Rf8 32. Qxe6+ Kh8 33. Qd5 Qf2 34. Qxh5+ 1-0

[Event "San Sebastian Primavera de Gros 7th op"]
[Site "San Sebastian"]
[Date "2011.05.21"]
[Round "3.1"]
[White "Argandona Riveiro, Inigo"]
[Black "Alvarado Fernandez, Mikel"]
[Result "1-0"]
[WhiteElo "2373"]
[BlackElo "2012"]
[PlyCount "79"]
[EventDate "2011.05.07"]
[EventType "swiss"]
[EventRounds "7"]
[EventCountry "ESP"]
[SourceTitle "EXT 2024"]
[Source "ChessBase"]
[SourceDate "2023.10.10"]
[SourceVersion "1"]
[SourceVersionDate "2023.10.10"]
[SourceQuality "1"]

1. c4 Nf6 2. Nc3 e5 3. Nf3 d6 4. d4 Nbd7 5. e4 c6 6. Be2 Be7 7. 0-0 0-0 8. Re1 Re8 9. Bf1 Qc7 10. d5 a5 11. Qc2 Nc5 12. Be3 Na6 13. a3 Bd7 14. h3 Rec8 15. Rad1 Be8 16. Qd2 Rab8 17. Nxe5 cxd5 18. exd5 dxe5 19. d6 Bxd6 20. Qxd6 Qxd6 21. Rxd6 Bc6 22. Bb6 Re8 23. Bxa5 Nc5 24. Bb6 Ncd7 25. Be3 Rbc8 26. b4 Nf8 27. Bg5 Nh5 28. b5 Bd7 29. Nd5 f6 30. Bd2 Be6 31. Nb6 Rcd8 32. Rxd8 Rxd8 33. Be3 g5 34. a4 Ng7 35. a5 Bc8 36. c5 Nfe6 37. Nxc8 Rxc8 38. c6 bxc6 39. b6 Ne8 40. Bc4 1-0

[Event "Gipuzkoa Province-ch"]
[Site "Azkoitia"]
[Date "2010.10.30"]
[Round "3"]
[White "Garro Beraza, Haritz"]
[Black "Alvarado Fernandez, Mikel"]
[Result "0-1"]
[WhiteElo "2153"]
[BlackElo "2010"]
[PlyCount "78"]
[EventDate "2010.10.16"]
[EventType "swiss"]
[EventRounds "7"]
[EventCountry "ESP"]
[SourceTitle "EXT 2014"]
[Source "ChessBase"]
[SourceDate "2013.11.20"]
[SourceVersion "1"]
[SourceVersionDate "2013.11.20"]
[SourceQuality "1"]

1. d4 Nf6 2. c4 g6 3. Nc3 Bg7 4. e4 d6 5. f3 0-0 6. Be3 c5 7. d5 e6 8. Qd2 exd5 9. cxd5 Nbd7 10. 0-0-0 Re8 11. g4 Ne5 12. Bg5 Qa5 13. h4 c4 14. h5 b5 15. hxg6 hxg6 16. Qf4 Nfd7 17. Qh2 b4 18. Qh7+ Kf8 19. Bh6 Bxh6+ 20. Qxh6+ Ke7 21. Qg5+ f6 22. Rh7+ Kd8 23. Qe3 bxc3 24. Nh3 cxb2+ 25. Kb1 Qc5 26. Qc3 Nb6 27. Nf4 Na4 28. Qc2 Qb4 29. Ne2 Nxf3 30. Rh3 Bxg4 31. Rg3 Rxe4 32. Qxe4 Bf5 33. Qxf5 gxf5 34. Rxf3 c3 35. Rf4 Qc5 36. Nd4 c2+ 37. Nxc2 Nc3+ 38. Kxb2 Rb8+ 39. Ka1 Nxd1 0-1

[Event "San Sebastian op 20th"]
[Site "San Sebastian"]
[Date "2010.09.26"]
[Round "3"]
[White "Alvarado Fernandez, Mikel"]
[Black "Guijarro Galan, Jose Luis"]
[Result "0-1"]
[WhiteElo "2010"]
[BlackElo "2222"]
[PlyCount "112"]
[EventDate "2010.09.24"]
[EventType "swiss"]
[EventRounds "9"]
[EventCountry "ESP"]
[SourceTitle "CBM 138 Extra"]
[Source "ChessBase"]
[SourceDate "2010.10.29"]
[SourceVersion "1"]
[SourceVersionDate "2010.10.29"]
[SourceQuality "1"]

1. d4 d5 2. Bg5 Nf6 3. Bxf6 exf6 4. e3 Bd6 5. c4 c6 6. Nc3 0-0 7. c5 Bc7 8. b4 Re8 9. g3 Nd7 10. Nge2 Nf8 11. Bg2 Ng6 12. 0-0 h5 13. Nf4 Bg4 14. f3 Bxf4 15. exf4 Bf5 16. Qd2 Qd7 17. Rfe1 Bh3 18. Rxe8+ Rxe8 19. Re1 Rxe1+ 20. Qxe1 h4 21. a4 Bxg2 22. Kxg2 Qf5 23. Qd2 Qd7 24. Qd3 Ne7 25. b5 Qe6 26. Qe2 Nf5 27. Qxe6 fxe6 28. Ne2 Ne3+ 29. Kf2 Nc2 30. a5 a6 31. b6 Kf7 32. g4 Ke7 33. Kg2 Ne3+ 34. Kf2 Nc4 35. Nc3 Nxa5 36. Ke2 Nb3 37. Kd3 Kd7 38. Ne2 e5 39. fxe5 fxe5 40. dxe5 Nxc5+ 41. Ke3 a5 42. Nd4 a4 43. f4 a3 44. f5 a2 45. Nc2 Nb3 46. g5 Ke7 47. Kd3 a1Q 48. Nxa1 Nxa1 49. Kc3 d4+ 50. Kxd4 Nb3+ 51. Kc4 Nd2+ 52. Kc5 Ne4+ 53. Kd4 Nxg5 54. Ke3 Nh7 55. Kf4 Nf8 56. h3 Nd7 0-1

[Event "San Sebastian Primavera de Gros op 6th"]
[Site "San Sebastian"]
[Date "2010.06.05"]
[Round "7"]
[White "Alvarado Fernandez, Mikel"]
[Black "Tholey, Jean Paul"]
[Result "0-1"]
[WhiteElo "2006"]
[BlackElo "1997"]
[PlyCount "152"]
[EventDate "2010.04.24"]
[EventType "swiss"]
[EventRounds "8"]
[EventCountry "ESP"]
[SourceTitle "EXT 2024"]
[Source "ChessBase"]
[SourceDate "2023.10.10"]
[SourceVersion "1"]
[SourceVersionDate "2023.10.10"]
[SourceQuality "1"]

1. d4 e6 2. c4 Nf6 3. Bg5 d5 4. e3 Be7 5. Nc3 Nbd7 6. Nf3 h6 7. Bh4 0-0 8. a3 c5 9. Be2 cxd4 10. Nxd4 dxc4 11. Bxc4 Ne5 12. Be2 Bd7 13. 0-0 a6 14. Qb3 b5 15. Rfd1 Qb6 16. Bg3 Nc6 17. Bf3 Rac8 18. Rac1 Bc5 19. Nde2 Rfd8 20. Ne4 Nxe4 21. Bxe4 Na5 22. Qd3 Bc6 23. Nd4 Bxe4 24. Qxe4 Bxd4 25. Rxc8 Rxc8 26. exd4 Nc4 27. Qg4 Rd8 28. b3 Nd6 29. h3 Nf5 30. Be5 Kf8 31. Qf4 f6 32. g4 fxe5 33. Qf3 e4 34. Qf4 Qd6 35. Qxe4 Nxd4 36. Rc1 Qd5 37. Qf4+ Kg8 38. Qe3 Qf3 39. Qxf3 Nxf3+ 40. Kg2 Nd4 41. b4 Kf7 42. f4 Ke7 43. h4 Ne2 44. Rc7+ Rd7 45. Rc6 Rd6 46. Rc7+ Kf6 47. Kf3 Nd4+ 48. Ke4 Rc6 49. Rd7 Nc2 50. g5+ hxg5 51. fxg5+ Kg6 52. Rd3 Rc4+ 53. Ke5 Rxh4 54. Rc3 Nxb4 55. axb4 Rxb4 56. Kxe6 Re4+ 57. Kd5 Rg4 58. Rc6+ Kxg5 59. Rxa6 g6 60. Ke5 Kh4 61. Ra3 Ra4 62. Rb3 b4 63. Kd5 g5 64. Kc5 g4 65. Kb5 Ra3 66. Rxb4 Rc3 67. Rf4 Kh3 68. Rf7 g3 69. Kb4 Rc8 70. Rh7+ Kg2 71. Rf7 Kg1 72. Rg7 g2 73. Ra7 Rc1 74. Ra8 Kf2 75. Rf8+ Ke3 76. Re8+ Kf4 0-1

[Event "San Sebastian Primavera de Gros op 6th"]
[Site "San Sebastian"]
[Date "2010.05.15"]
[Round "4"]
[White "Estevez Pegenaute, Eduardo"]
[Black "Alvarado Fernandez, Mikel"]
[Result "0-1"]
[WhiteElo "1534"]
[BlackElo "2006"]
[PlyCount "82"]
[EventDate "2010.04.24"]
[EventType "swiss"]
[EventRounds "8"]
[EventCountry "ESP"]
[SourceTitle "EXT 2024"]
[Source "ChessBase"]
[SourceDate "2023.10.10"]
[SourceVersion "1"]
[SourceVersionDate "2023.10.10"]
[SourceQuality "1"]

1. e4 d5 2. exd5 Nf6 3. Nf3 Nxd5 4. Bc4 Bg4 5. c3 e6 6. Qa4+ Qd7 7. Bb5 c6 8. Bxc6 Nxc6 9. Qxg4 Nf6 10. Qa4 Be7 11. d4 0-0 12. 0-0 a6 13. Nbd2 b5 14. Qd1 Rfd8 15. Re1 Rac8 16. a3 a5 17. Ne4 Qd5 18. Nxf6+ Bxf6 19. Qe2 h6 20. Bf4 b4 21. axb4 axb4 22. Nd2 bxc3 23. bxc3 Ne7 24. Ne4 Qf5 25. Qe3 Nd5 26. Nxf6+ Qxf6 27. Be5 Qg6 28. Qd2 Rxc3 29. Ra5 Rc2 30. Qd1 Rdc8 31. Ra3 f6 32. Rg3 Qf7 33. Bd6 R8c4 34. h3 g5 35. f4 Rc1 36. Qxc1 Rxc1 37. Rxc1 Qd7 38. Bc5 Nxf4 39. Rc2 Qd5 40. Rf2 Qe4 41. Rg4 Qe1+ 0-1

[Event "San Sebastian Primavera de Gros op 6th"]
[Site "San Sebastian"]
[Date "2010.05.08"]
[Round "3"]
[White "Alvarado Fernandez, Mikel"]
[Black "Puga Senar, Fernando"]
[Result "1/2-1/2"]
[WhiteElo "2006"]
[BlackElo "1723"]
[PlyCount "288"]
[EventDate "2010.04.24"]
[EventType "swiss"]
[EventRounds "8"]
[EventCountry "ESP"]
[SourceTitle "EXT 2024"]
[Source "ChessBase"]
[SourceDate "2023.10.10"]
[SourceVersion "1"]
[SourceVersionDate "2023.10.10"]
[SourceQuality "1"]

1. d4 Nf6 2. Bg5 e6 3. c4 g6 4. Nc3 Bg7 5. Nf3 0-0 6. Qd2 Re8 7. Qf4 d5 8. e3 c6 9. Ne5 Nbd7 10. Qh4 Qc7 11. Nxd7 Nxd7 12. Be2 Qb6 13. b3 c5 14. 0-0 cxd4 15. Na4 Qd6 16. exd4 dxc4 17. Bxc4 Qxd4 18. Qxd4 Bxd4 19. Rad1 Bf6 20. Be3 b6 21. Bb5 Rd8 22. Rd2 Ne5 23. Bd4 Bb7 24. Rfd1 Ng4 25. Nb2 Bxd4 26. Rxd4 Rxd4 27. Rxd4 Nf6 28. Be2 Rc8 29. Nc4 Bd5 30. Ne3 Bb7 31. h4 Rc1+ 32. Kh2 Ra1 33. a4 Ra2 34. Bd1 Rxf2 35. Kg3 Rb2 36. Kh3 Nd5 37. Nc4 Rf2 38. Bf3 Rf1 39. h5 Kg7 40. Nd6 Bc6 41. h6+ Kf6 42. Rc4 Bd7 43. Kg3 Ke7 44. Ne4 Rh1 45. a5 bxa5 46. Rc5 a6 47. Rxa5 Bb5 48. Ra2 Rxh6 49. Ra1 f6 50. Re1 g5 51. Nc5 Nf4 52. Bg4 e5 53. Rd1 Rg6 54. Ne4 Rg8 55. Nd6 h5 56. Nf5+ Ke8 57. Nd6+ Kf8 58. Bf3 Rg7 59. Rc1 Rd7 60. Rc8+ Ke7 61. Nf5+ Ke6 62. Be4 Rd2 63. Rc7 h4+ 64. Kh2 Nd5 65. Ng7+ Kd6 66. Rc8 Ne7 67. Rd8+ Bd7 68. Ne8+ Ke6 69. Nc7+ Kf7 70. Bd5+ Rxd5 71. Nxd5 Nxd5 72. Rxd7+ Ke6 73. Ra7 e4 74. Rxa6+ Ke5 75. Kg1 g4 76. Ra8 Kd4 77. Ra4+ Kd3 78. b4 e3 79. Ra3+ Kc4 80. Kf1 h3 81. gxh3 gxh3 82. Ke2 f5 83. Ra8 f4 84. Rh8 Nxb4 85. Rxh3 Kd4 86. Rh8 Nd5 87. Rd8 Ke5 88. Kf3 Ke6 89. Re8+ Kf5 90. Rd8 Nc3 91. Rd3 e2 92. Kf2 Nd1+ 93. Kxe2 Ne3 94. Kf3 Ke5 95. Ra3 Nd5 96. Ra5 Kd4 97. Ra4+ Ke5 98. Ra8 Kf5 99. Re8 Nf6 100. Re7 Nd5 101. Rf7+ Nf6 102. Ra7 Nd5 103. Ra5 Ke5 104. Ra4 Kf5 105. Re4 Kf6 106. Kg4 Kg6 107. Re5 Nb4 108. Re6+ Kf7 109. Rd6 Ke7 110. Rd4 Nc6 111. Rxf4 Ke6 112. Kg5 Ke5 113. Rf1 Ke6 114. Re1+ Kd5 115. Kf6 Nd4 116. Re3 Nc2 117. Re5+ Kd4 118. Ke6 Ne3 119. Rh5 Nc4 120. Rh4+ Kc5 121. Rg4 Ne3 122. Rg8 Kd4 123. Rd8+ Ke4 124. Ra8 Kd4 125. Ra5 Nc4 126. Rb5 Ne3 127. Rb1 Nc4 128. Kf5 Kd5 129. Kf4 Kd4 130. Rd1+ Kc5 131. Ke4 Nd6+ 132. Ke5 Nc4+ 133. Ke6 Nb6 134. Rc1+ Kd4 135. Rd1+ Ke4 136. Rb1 Nc4 137. Rh1 Kd4 138. Rh5 Ne3 139. Rh4+ Kc5 140. Re4 Nc4 141. Rf4 Ne3 142. Re4 Nc4 143. Kd7 Kd5 144. Rd4+ Kxd4 1/2-1/2

[Event "San Sebastian Primavera de Gros op 6th"]
[Site "San Sebastian"]
[Date "2010.05.01"]
[Round "2"]
[White "Cejudo Urdampilleta, Juan Pablo"]
[Black "Alvarado Fernandez, Mikel"]
[Result "0-1"]
[WhiteElo "1736"]
[BlackElo "2006"]
[PlyCount "44"]
[EventDate "2010.04.24"]
[EventType "swiss"]
[EventRounds "8"]
[EventCountry "ESP"]
[SourceTitle "EXT 2024"]
[Source "ChessBase"]
[SourceDate "2023.10.10"]
[SourceVersion "1"]
[SourceVersionDate "2023.10.10"]
[SourceQuality "1"]

1. d4 d5 2. c4 c6 3. Nc3 Nf6 4. Nf3 a6 5. cxd5 cxd5 6. e3 Nc6 7. Bd3 e6 8. a3 Be7 9. 0-0 h6 10. Re1 0-0 11. e4 dxe4 12. Nxe4 b5 13. Nxf6+ Bxf6 14. Ne5 Nxd4 15. Re3 Nf5 16. Re1 Bb7 17. Bf4 Qd4 18. Be4 Bxe4 19. Rxe4 Qxd1+ 20. Rxd1 Rfd8 21. Ree1 g5 22. Bc1 Rxd1 0-1

[Event "Euskadi-chT"]
[Site "Bergara"]
[Date "2010.03.06"]
[Round "8.2"]
[White "Garro Beraza, Julen"]
[Black "Alvarado Fernandez, Mikel"]
[Result "0-1"]
[WhiteElo "1873"]
[BlackElo "2006"]
[PlyCount "66"]
[EventDate "2010.01.09"]
[EventType "team-tourn"]
[EventRounds "9"]
[EventCountry "ESP"]
[SourceTitle "EXT 2011"]
[Source "ChessBase"]
[SourceDate "2010.11.26"]
[SourceVersion "1"]
[SourceVersionDate "2010.11.26"]
[SourceQuality "1"]

1. e4 g6 2. d4 Bg7 3. Nf3 d6 4. Be2 c6 5. 0-0 Nd7 6. Nc3 Qc7 7. Be3 Ngf6 8. h3 0-0 9. Qd2 e5 10. Rad1 Re8 11. d5 c5 12. Nh2 a6 13. a4 b6 14. Bh6 c4 15. Ng4 Nxg4 16. hxg4 Rb8 17. Ra1 b5 18. axb5 axb5 19. Bxg7 Kxg7 20. Na2 Nf6 21. f3 Qc5+ 22. Kh2 h6 23. c3 g5 24. Nb4 Kg6 25. Bd1 h5 26. gxh5+ Nxh5 27. Qf2 Qc7 28. Rh1 Nf4 29. Kg1 Bb7 30. Nc2 Rh8 31. Rxh8 Rxh8 32. Nb4 f6 33. Qg3 Qc5+ 0-1

[Event "Euskadi-chT"]
[Site "Bergara"]
[Date "2010.01.16"]
[Round "1.2"]
[White "Miguelez Garcia, Erlantz"]
[Black "Alvarado Fernandez, Mikel"]
[Result "0-1"]
[WhiteElo "1958"]
[BlackElo "2006"]
[PlyCount "136"]
[EventDate "2010.01.09"]
[EventType "team-tourn"]
[EventRounds "9"]
[EventCountry "ESP"]
[SourceTitle "EXT 2011"]
[Source "ChessBase"]
[SourceDate "2010.11.26"]
[SourceVersion "1"]
[SourceVersionDate "2010.11.26"]
[SourceQuality "1"]

1. d4 d5 2. c4 c6 3. Nc3 Nf6 4. Nf3 a6 5. cxd5 cxd5 6. Bf4 Nc6 7. e3 e6 8. Bd3 Be7 9. 0-0 0-0 10. Rc1 Nh5 11. Be5 Nxe5 12. dxe5 g6 13. Ne2 Bd7 14. Ned4 Qa5 15. g4 Ng7 16. a3 Rfc8 17. Qe2 b5 18. Nb3 Qd8 19. Rxc8 Rxc8 20. Rd1 Qb6 21. Nfd4 f6 22. exf6 Bxf6 23. f4 e5 24. fxe5 Bxe5 25. Qg2 Qd6 26. Be2 Ne6 27. Bf3 Nc7 28. Rc1 Rd8 29. Nc5 Bc8 30. b4 Kh8 31. Nd3 Bxd4 32. exd4 Be6 33. Ne5 Rf8 34. Qg3 Ne8 35. Rc6 Qe7 36. Rxa6 Nf6 37. Qh4 Kg7 38. g5 Ng8 39. Rc6 Rf5 40. Bg2 Rxg5 41. Kh1 h6 42. Nf3 Qd7 43. Nxg5 hxg5 44. Qxg5 Qxc6 45. h4 Nf6 46. Bf3 Qc3 47. Kg2 Qc2+ 48. Kg3 Qd3 49. Kg2 Qxd4 50. h5 Bf5 51. hxg6 Bxg6 52. Qg3 Qd2+ 53. Kh3 Ne4 54. Qe5+ Kh7 55. Qe7+ Kh6 56. Qf8+ Kg5 57. Bxe4 Bxe4 58. Qg7+ Kf5 59. Qf7+ Kg5 60. Qg7+ Bg6 61. Qe7+ Kh6 62. Qf8+ Kh7 63. Qe7+ Kg8 64. Qd8+ Kg7 65. Qe7+ Bf7 66. Qe5+ Kf8 67. Qh8+ Ke7 68. Qe5+ Be6+ 0-1